Atatürk'ün milli dış politikası: (Record no. 14143)
[ view plain ]
| 000 -BAŞLIK | |
|---|---|
| Sabit Uzunlukta Kontrol Alanı | 00876nam a22002297a 4500 |
| 999 ## - SİSTEM KONTROL NUMARALARI (KOHA) | |
| Koha Biblionumber | 14143 |
| Koha Biblioitemnumber | 14143 |
| 003 - KONTROL NUMARASI IDENTIFIER | |
| Denetim Alanı | MIRAKIL |
| 005 - SON İŞLEM TARİHİ VE ZAMANI | |
| Denetim Alanı | 20201104123001.0 |
| 008 - SABİT-BOY VERİ ELEMANLARI - GENEL BİLGİLER | |
| Sabit Uzunlukta Kontrol Alanı | 201104b tu ||||| |||| 00| 0 tur d |
| 040 ## - KATALOGLAMA KAYNAK | |
| Orijinal Kataloglama Ajansı | TR-AnCHP |
| Kataloglama Dili | tur |
| Metne Dönüştürmek Ajansı | TR-AnCHP |
| 082 ## - DEWEY ONLU SINIFLANDIRMA NUMARASI | |
| Sınıflandırma Numarası | ATA 327.1 |
| Ürün Numarası | A72 1981 |
| 245 ## - BAŞLIK TABLOSU | |
| Başlık | Atatürk'ün milli dış politikası: |
| Başlığın Kalan | (Milli mücadele dönemine ait 100 belge 1919-1923)/ |
| 246 ## - UNVAN FORM VARYING | |
| Başlık Doğru / Kısa Başlığı | Milli mücadele dönemine ait 100 belge 1919-1923 |
| 260 ## - YAYIN, DAĞITIM, VB | |
| Yayın, Dağıtım, Vb Yeri | Ankara: |
| Yayıncı, Dağıtıcı, Vs Adı | Kültür Bakanlığı, |
| Yayın, Dağıtım, Vb Tarihi | 1981. |
| Üretici Firma | Eroğlu Matbaacılık Sanayii. |
| 300 ## - FİZİKSEL TANIM | |
| Kapsam | 2 c. |
| Boyutlar | 23 sm. |
| 490 ## - SERİSİ TABLOSU | |
| Seri Beyanı | Doğumunun 100. yılında Atatürk yayınları; |
| Hacim / Ardışık Tanımı | 1. |
| 490 ## - SERİSİ TABLOSU | |
| Seri Beyanı | Kültür Bakanlığı yayınları; |
| Hacim / Ardışık Tanımı | 392. |
| 600 ## - KONU KATMA GİRİŞ - KURUMSAL ADI | |
| Kişisel Ad | Atatürk, Mustafa Kemal |
| Bir Adıyla İlişkilendirilen Tarihler | 1881-1938 |
| Genel Alt Bölümü | Dış politika |
| 650 ## - KONU KATMA GİRİŞ - TOPİKAL DÖNEM | |
| Topikal Süreli Veya Coğrafi Ad Giriş Elemanı | Kurtuluş Savaşı |
| Genel Alt Bölümü | Dış politika |
| -- | 1919-1923 |
| 650 ## - KONU KATMA GİRİŞ - TOPİKAL DÖNEM | |
| Topikal Süreli Veya Coğrafi Ad Giriş Elemanı | Türkiye |
| Form Alt Bölümü | Dış politika |
| -- | 1919-1923 |
| 942 ## - EKLENDİ GİRİŞ ELEMANLARI (KOHA) | |
| Koha Öğesi Türü | Books |
| Sınıflandırma Veya Raf Düzeni Kaynak | Dewey Decimal Classification |
| 999 ## - SİSTEM KONTROL NUMARALARI (KOHA) | |
| Koha Biblioitemnumber | 14143 |
| Kullanım Kısıtlamaları | Kalıcı Konum | Mevcut Konum | Edinme Tarihi | Toplam Check-Out'Lar | Tam Çağrı Numarası | Barkod | Tarih Son Görülme | Kopya Sayısı | İtibaren Geçerli Fiyatlar | Sigara Kamu Notu | Koha Öğesi Türü |
|---|---|---|---|---|---|---|---|---|---|---|---|
| Kütüphane dışına çıkarılamaz | CHP Kütüphanesi | CHP Kütüphanesi | 11/04/2020 | ATA 327.1 A72 1981 | 019667 | 11/04/2020 | c.1 | 11/04/2020 | Emine Başak Alkan Bağışıdır. | Books | |
| CHP Kütüphanesi | CHP Kütüphanesi | 11/13/2020 | ATA 327.1 A72 1981 | 019720 | 11/13/2020 | c.2 | 11/13/2020 | Emine Başak Alkan Bağışıdır. | Books |
